000 00899nam0a22002531 4500
001 rc\4759080
005 20130417095411.9
021 _aRU
_b[62-3691]
035 _a(NLR Aleph) 009015676
090 _a9396033
_c9396033
100 _a20130417d1961 |||y0rusy50 ca
101 0 _arus
102 _aRU
105 _ay z |||||
200 1 _aОпираясь на массы
_eИз опыта работы Верхне-Пышмин. парт. организации
210 _aСвердловск
_cКн. изд-во
_d1961
215 _a48 с.
_d20
606 _aПартийные организации и их работа
_yВерхняя Пышма, город (Свердловская обл.)
_2psbo
700 1 _aЛюньков
_bМ. Я.
_gМихаил Яковлевич
801 0 _aRU
_bNLR
_gpsbo
801 1 _aRU
_bELAR
_2rusmarc
852 _aNLR
_j62-4/2352
942 _cBOOK
980 _aNB